000 00859nam a2200253Ia 4500
003 OSt
005 20220923211120.0
006 a|||||r|||| 00| 0
007 ta
008 220922b |||||||| |||| 00| 0 hin d
020 _a8181435508 (hb)
024 _a230,828
037 _cTextual
040 _aARTS
_cARTS
_bhin
041 _2hin
_ahin
082 _aY:1.253'N, P6
100 _aशिवदयाल, संपा.
_9156275
245 0 _aबिहार की विरासत और नवनिर्माण की चुनौती
246 _aBihār kī virāsat aur navanirmāṇ kī chunautī
260 _aनई दिल्ली
_b वाणी प्रकाशन
_c2006
300 _a`188पृ.
_ccm.
942 _hY:1.253'N, P6
_cTEXL
_2CC
999 _c295473
_d295473